000 00951nas a2200313 4500
001 BR9207679
003 BR-BrBNA
005 20231205093030.0
007 ta
008 230509b bl.|||p| |||| 00| 00por d
040 _aBR-BrBNA
_bpor
_cBiblioteca Nacional de Agricultura
041 _a(Pt)
072 _aH10
100 1 _aOsipe, R.
100 1 _aFurlaneto, W.
100 1 _aBraz, B.A.
100 1 _aChehata, A.N.
100 1 _aFornarolli, D.A.
100 1 _aBarros, L.
245 1 _aComportamento da mistura pronta de MSMA + Diuron no controle do capim braquiaria (Brachiaria decumbens Staph)em cana-de-acucar (Saccharum officinarum L.)
650 _aCANA DE ACUCAR
650 _aCAPIM BRACHIARIA
650 _aSOLO
650 _aVARIEDADE
650 _aCONTROLE QUIMICO
773 0 _tPoliagro (Brazil)
_xISSN 0100-3461
_g(1986), v. 8(2) p. 61-72
_wBR9207679
909 _a202311
_bLúcia
_c55
_dLúcia Elande
942 _2AGRIS
_n0
_cANA
999 _c135763
_d135763